Xác định một số thông số động thái học của vi sinh vật trong bể bùn hoạt tính : Luận văn tốt nghiệp Đại học
Đề tài thực hiện nhằm xác định bằng thực nghiệm các thông số động học của vi sinh vật trong bể bùn hoạt tính đối với một số loại nước thải phổ biến.
Đã lưu trong:
| Hovedforfatter: | |
|---|---|
| Format: | Bog |
| Sprog: | Undetermined |
| Udgivet: |
Cần Thơ
Trường Đại học Cần Thơ
2004
|
| Fag: | |
| Tags: |
Tilføj Tag
Ingen Tags, Vær først til at tagge denne postø!
|
| Thư viện lưu trữ: | Trung tâm Học liệu Trường Đại học Cần Thơ |
|---|
| LEADER | 01104nam a2200217Ia 4500 | ||
|---|---|---|---|
| 001 | CTU_143265 | ||
| 008 | 210402s9999 xx 000 0 und d | ||
| 082 | |a 628.4 | ||
| 082 | |b Th253 | ||
| 088 | |a 1990848 | ||
| 100 | |a Mạc, Đăng Thêm | ||
| 245 | 0 | |a Xác định một số thông số động thái học của vi sinh vật trong bể bùn hoạt tính : | |
| 245 | 0 | |b Luận văn tốt nghiệp Đại học | |
| 245 | 0 | |c Mạc Đăng Thêm; Lê Hoàng Việt (Giáo viên hướng dẫn) | |
| 260 | |a Cần Thơ | ||
| 260 | |b Trường Đại học Cần Thơ | ||
| 260 | |c 2004 | ||
| 520 | |a Đề tài thực hiện nhằm xác định bằng thực nghiệm các thông số động học của vi sinh vật trong bể bùn hoạt tính đối với một số loại nước thải phổ biến. | ||
| 650 | |a Environmental sciences,Liquid wastes,Khoa học môi trường,Chất thải nước | ||
| 904 | |i Trọng Hải | ||
| 980 | |a Trung tâm Học liệu Trường Đại học Cần Thơ | ||